UM Logo

A team within a team : (Record no. 22309)

MARC details
000 -LEADER
fixed length control field 01083nam a22002537a 4500
003 - CONTROL NUMBER IDENTIFIER
control field OSt
005 - DATE AND TIME OF LATEST TRANSACTION
control field 20250819144134.0
008 - FIXED-LENGTH DATA ELEMENTS--GENERAL INFORMATION
fixed length control field 241007b |||||||| |||| 00| 0 eng d
040 ## - CATALOGING SOURCE
Transcribing agency 0
082 ## - DEWEY DECIMAL CLASSIFICATION NUMBER
Classification number DPer 613.705 J826 January-December 2020 v. 91 n. 1-9
100 ## - MAIN ENTRY--PERSONAL NAME
Personal name Beddoes, Zack.
Relator term author.
9 (RLIN) 62456
245 ## - TITLE STATEMENT
Title A team within a team :
Remainder of title relating coaching concept to professional learning communities in school /
Statement of responsibility, etc. Zack Beddoes, Deb Sazama, Keven Prusak, Jenna Starck, and Brock McMullen.
260 ## - PUBLICATION, DISTRIBUTION, ETC. (IMPRINT)
Place of publication, distribution, etc. Virginia ;
Name of publisher, distributor, etc. American Alliance for Health ,
Date of publication, distribution, etc. February 2020.
300 ## - PHYSICAL DESCRIPTION
Extent Volume 91, pages 8-17 :
Other physical details illustration ;
Dimensions 28 cm.
500 ## - GENERAL NOTE
General note The Journal of Physical Education Recreation & Dance, vol. 91, no. 2, pages 8-17, February 2020.
650 #0 - SUBJECT ADDED ENTRY--TOPICAL TERM
Topical term or geographic name as entry element Physical education.
9 (RLIN) 50439
650 #0 - SUBJECT ADDED ENTRY--TOPICAL TERM
Topical term or geographic name as entry element Coaching (Athletics).
9 (RLIN) 52426
700 ## - ADDED ENTRY--PERSONAL NAME
Personal name Beddoes, Zack.
Relator term author.
9 (RLIN) 62456
710 ## - ADDED ENTRY--CORPORATE NAME
Corporate name or jurisdiction name as entry element Sazama, Deb.
Relator term author.
9 (RLIN) 62457
710 ## - ADDED ENTRY--CORPORATE NAME
Corporate name or jurisdiction name as entry element Prusak, Keven.
Relator term author.
9 (RLIN) 66928
710 ## - ADDED ENTRY--CORPORATE NAME
Corporate name or jurisdiction name as entry element Starck, Keven.
Relator term author.
9 (RLIN) 66929
710 ## - ADDED ENTRY--CORPORATE NAME
Corporate name or jurisdiction name as entry element McMullen, Brock.
Relator term author.
9 (RLIN) 66930
942 ## - ADDED ENTRY ELEMENTS (KOHA)
Source of classification or shelving scheme Dewey Decimal Classification
Koha item type Periodicals
Holdings
Withdrawn status Lost status Source of classification or shelving scheme Damaged status Not for loan Collection code Home library Current library Date acquired Total Checkouts Full call number Date last seen Price effective from Koha item type Public note
    Dewey Decimal Classification     Periodicals UM Digos College - LIC UM Digos College - LIC 10/07/2024   DPer 613.705 J826 January-December 2020 v. 91 n. 1-9 10/07/2024 10/07/2024 Periodicals Periodical Article